LEADER 01161nam0-2200361---450- 001 990009793740403321 005 20140218113450.0 010 $a978-88-907651-0-0 035 $a000979374 035 $aFED01000979374 035 $a(Aleph)000979374FED01 035 $a000979374 100 $a20131122d2012----km-y0itay50------ba 101 0 $aita 102 $aIT 105 $aab------001ey 200 1 $aSedici lettere di briganti sanniti$ela lingua e la quotidianità, 1861-1866$fAngela Gentile 210 $a[Benevento]$cLa Provincia Sannita$d2012 215 $a133 p.$cill.$d24 cm$e1 c. geogr. 300 $aSuppl. al n. 1/2011 - Anno 31. N. S. di "La Provincia Sannita 610 0 $aBriganti e banditi$aSannio$a1861-1866 610 0 $aBriganti e banditi$aItalia meridionale$aSec. 19. 676 $a364.109457 676 $a457.7 700 1$aGentile,$bAngela$0329060 801 0$aIT$bUNINA$gRICA$2UNIMARC 901 $aBK 912 $a990009793740403321 952 $a364.1 GEN 1$bBibl. 63831$fFLFBC 952 $a364.1 GEN 1 BIS$bBibl. 63830$fFLFBC 959 $aFLFBC 996 $aSedici lettere di briganti sanniti$9261280 997 $aUNINA LEADER 01292nam 2200385 450 001 9910510487503321 005 20230819131434.0 024 7 $a10.1145/3429630 035 $a(CKB)5470000000736460 035 $a(NjHacI)995470000000736460 035 $a(EXLCZ)995470000000736460 100 $a20230819d2020 uy 0 101 0 $aeng 135 $aur||||||||||| 181 $ctxt$2rdacontent 182 $cc$2rdamedia 183 $acr$2rdacarrier 200 10$a2020 The 4th International Conference on Digital Technology in Education /$fAssociation for Computing Machinery 210 1$aNew York, New York :$cAssociation for Computing Machinery,$d2020. 215 $a1 online resource (97) $cillustrations 225 0 $aACM Other Conferences 311 $a1-4503-8852-3 606 $aComputer-assisted instruction$vCongresses 606 $aEducational technology$vCongresses 606 $aInternet in education$vCongresses 615 0$aComputer-assisted instruction 615 0$aEducational technology 615 0$aInternet in education 676 $a371.334 801 0$bNjHacI 801 1$bNjHacl 906 $aBOOK 912 $a9910510487503321 996 $a2020 The 4th International Conference on Digital Technology in Education$92136027 997 $aUNINA